[Event "Famalicao op 6th"]
[Site "Famalicao"]
[Date "2018.07.30"]
[Round "2"]
[White "Cunha, Simao Pedro Sa"]
[Black "Farias, David Nuno ME"]
[Result "0-1"]
[WhiteElo "1406"]
[BlackElo "1103"]
[PlyCount "72"]
[EventDate "2018.07.29"]
[EventType "swiss"]
[EventRounds "9"]
[EventCountry "POR"]
[SourceTitle "CBM 185 Extra"]
[Source "ChessBase"]
[SourceDate "2018.07.29"]
[SourceVersion "1"]
[SourceVersionDate "2018.07.29"]
[SourceQuality "1"]

1. e4 e5 2. Bc4 Nf6 3. Nc3 Nc6 4. Nf3 Bc5 5. h3 0-0 6. 0-0 d6 7. Re1 a6 8. d3 Nd4 9. Nxd4 Bxd4 10. Ne2 Ba7 11. Bg5 h6 12. Bh4 b5 13. Bd5 Rb8 14. Ng3 g5 15. Bxg5 hxg5 16. Qd2 Nxd5 17. exd5 Bb7 18. c4 f5 19. Qd1 c6 20. Qh5 Qf6 21. Qd1 Qh6 22. Ne2 g4 23. Kh2 cxd5 24. Qc1 Qxc1 25. Raxc1 dxc4 26. dxc4 bxc4 27. Rxc4 Bxf2 28. Rd1 Bc5 29. hxg4 f4 30. b4 Bf2 31. Rxd6 Rf7 32. Rh6 Kg7 33. Rh5 Rh8 34. Kh3 Rxh5+ 35. gxh5 Bd5 36. Rc8 Be6+ 0-1

[Event "Gaia Profigaia op 18th"]
[Site "Vila Nova de Gaia"]
[Date "2018.06.29"]
[Round "3"]
[White "Farias, David Nuno ME"]
[Black "Clemente, Antonio"]
[Result "1-0"]
[WhiteElo "1103"]
[BlackElo "1401"]
[PlyCount "87"]
[EventDate "2018.06.27"]
[EventType "swiss"]
[EventRounds "7"]
[EventCountry "POR"]
[SourceTitle "CBM 185 Extra"]
[Source "ChessBase"]
[SourceDate "2018.07.29"]
[SourceVersion "1"]
[SourceVersionDate "2018.07.29"]
[SourceQuality "1"]

1. e4 d6 2. Nc3 e5 3. Nf3 Nf6 4. Bc4 Be7 5. 0-0 c6 6. h3 0-0 7. d3 h6 8. a3 Nbd7 9. Be3 b5 10. Ba2 a5 11. Nh4 Qc7 12. Nf5 Bd8 13. Qf3 Kh7 14. Qg3 Ne8 15. f4 Ndf6 16. fxe5 dxe5 17. Qh4 Ng8 18. Qe1 g6 19. Bc5 gxf5 20. Bxf8 Qb6+ 21. Qf2 Qxf2+ 22. Rxf2 Bb6 23. Bxf7 Nef6 24. Raf1 Bd7 25. Bd6 Kg7 26. Ba2 Nh5 27. Kh2 Bxf2 28. Bxe5+ Kh7 29. Rxf2 Rf8 30. exf5 Nhf6 31. Bxg8+ Kxg8 32. Bxf6 Rxf6 33. g4 h5 34. Ne4 Rf7 35. Kg3 hxg4 36. hxg4 b4 37. axb4 axb4 38. g5 Rxf5 39. Nf6+ Rxf6 40. Rxf6 Kg7 41. Kf4 c5 42. Ke5 Bb5 43. Kd6 Bxd3 44. cxd3 1-0

[Event "Gaia Profigaia op 18th"]
[Site "Vila Nova de Gaia"]
[Date "2018.06.29"]
[Round "4"]
[White "Ribeiro, Andre Amorim"]
[Black "Farias, David Nuno ME"]
[Result "1-0"]
[WhiteElo "1502"]
[BlackElo "1103"]
[PlyCount "99"]
[EventDate "2018.06.27"]
[EventType "swiss"]
[EventRounds "7"]
[EventCountry "POR"]
[SourceTitle "CBM 185 Extra"]
[Source "ChessBase"]
[SourceDate "2018.07.29"]
[SourceVersion "1"]
[SourceVersionDate "2018.07.29"]
[SourceQuality "1"]

1. e4 e5 2. Nf3 Nc6 3. Bb5 d6 4. d4 exd4 5. Nxd4 Bd7 6. 0-0 Nf6 7. c3 Be7 8. Re1 0-0 9. Nd2 Nxd4 10. Bxd7 Qxd7 11. cxd4 c5 12. Nf3 Rad8 13. Bf4 Nh5 14. Qd2 cxd4 15. Nxd4 Bf6 16. Bg3 Nxg3 17. hxg3 Rfe8 18. Rad1 Qa4 19. b3 Qxd4 20. Qxd4 Bxd4 21. Rxd4 d5 22. Red1 f6 23. Rxd5 Rxd5 24. exd5 Kf7 25. f4 g5 26. Kf2 gxf4 27. gxf4 Re7 28. Kf3 f5 29. g4 Kf6 30. d6 Rd7 31. Rh1 Ke6 32. Rh6+ Kd5 33. gxf5 Rxd6 34. Rxh7 Kc6 35. Kg4 a6 36. Kg5 Rd5 37. Kg6 b5 38. f6 Rd6 39. Kg7 b4 40. f7 Rd8 41. f8Q Rxf8 42. Kxf8 Kb5 43. Rc7 a5 44. Ke7 a4 45. Kd6 a3 46. Rb7+ Ka6 47. Rxb4 Ka7 48. Kc6 Ka8 49. Kc7 Ka7 50. Ra4# 1-0